000 00356nam a2200133Ia 4500
008 220204s9999 xx 000 0 und d
082 _a579.26
_bPRE;1
100 _aDICKINSON, C H
245 0 _aEcology of leaf surface microorganisms
260 _aNew York
_bAcademic
_c1971
650 _aLeaf surface microorganism
700 _aPREECE, T F
942 _cBK
999 _c34433
_d34433